<?xml version="1.0" encoding="UTF-8"?>
<record
    xmlns:xsi="http://www.w3.org/2001/XMLSchema-instance"
    xsi:schemaLocation="http://www.loc.gov/MARC21/slim http://www.loc.gov/standards/marcxml/schema/MARC21slim.xsd"
    xmlns="http://www.loc.gov/MARC21/slim">

  <leader>01374nam a22002777a 4500</leader>
  <datafield tag="999" ind1=" " ind2=" ">
    <subfield code="c">51292</subfield>
    <subfield code="d">51292</subfield>
  </datafield>
  <controlfield tag="005">20251113144542.0</controlfield>
  <controlfield tag="008">      s2550    th                  tha d</controlfield>
  <datafield tag="020" ind1=" " ind2=" ">
    <subfield code="a">9789748815275</subfield>
  </datafield>
  <datafield tag="040" ind1=" " ind2=" ">
    <subfield code="a">NALT</subfield>
  </datafield>
  <datafield tag="041" ind1=" " ind2=" ">
    <subfield code="a">tha</subfield>
  </datafield>
  <datafield tag="050" ind1=" " ind2=" ">
    <subfield code="a">HD38.25 </subfield>
    <subfield code="b">&#xE17;379&#xE0A; 2550</subfield>
  </datafield>
  <datafield tag="100" ind1=" " ind2=" ">
    <subfield code="a">&#xE17;&#xE32;&#xE19;&#xE32;&#xE01;&#xE30;, &#xE40;&#xE04;&#xE19;</subfield>
    <subfield code="9">44892</subfield>
  </datafield>
  <datafield tag="245" ind1="1" ind2="0">
    <subfield code="a">&#xE0A;&#xE35;&#xE27;&#xE1B;&#xE23;&#xE30;&#xE27;&#xE31;&#xE15;&#xE34;&#xE02;&#xE2D;&#xE07;&#xE40;&#xE2B;&#xE25;&#xE48;&#xE32;&#xE2A;&#xE38;&#xE14;&#xE22;&#xE2D;&#xE14;&#xE19;&#xE31;&#xE01;&#xE25;&#xE07;&#xE17;&#xE38;&#xE19; 4 &#xE2A;&#xE38;&#xE14;&#xE22;&#xE2D;&#xE14;&#xE19;&#xE31;&#xE01;&#xE25;&#xE07;&#xE17;&#xE38;&#xE19;&#xE02;&#xE2D;&#xE07;&#xE42;&#xE25;&#xE01; /</subfield>
    <subfield code="b">&#xE40;&#xE04;&#xE19; &#xE17;&#xE32;&#xE19;&#xE32;&#xE01;&#xE30;, &#xE1C;&#xE38;&#xE49;&#xE41;&#xE1B;&#xE25; &#xE1E;&#xE23;&#xE23;&#xE13;&#xE35; &#xE0A;&#xE37;&#xE48;&#xE19;&#xE08;&#xE34;&#xE15;&#xE01;&#xE23;&#xE38;&#xE13;&#xE32;</subfield>
  </datafield>
  <datafield tag="260" ind1=" " ind2=" ">
    <subfield code="a">&#xE01;&#xE23;&#xE38;&#xE07;&#xE40;&#xE17;&#xE1E;&#xE2F; : </subfield>
    <subfield code="b">&#xE2A;&#xE38;&#xE02;&#xE38;&#xE21;&#xE27;&#xE34;&#xE17;&#xE21;&#xE35;&#xE40;&#xE14;&#xE35;&#xE22; &#xE21;&#xE32;&#xE23;&#xE4C;&#xE40;&#xE01;&#xE47;&#xE15;&#xE15;&#xE34;&#xE49;&#xE07;, </subfield>
    <subfield code="c">2550.</subfield>
  </datafield>
  <datafield tag="300" ind1=" " ind2=" ">
    <subfield code="a">197 &#xE2B;&#xE19;&#xE49;&#xE32; :</subfield>
    <subfield code="b">&#xE20;&#xE32;&#xE1E;&#xE1B;&#xE23;&#xE30;&#xE01;&#xE2D;&#xE1A; ;</subfield>
    <subfield code="c">18 &#xE0B;&#xE21;.</subfield>
  </datafield>
  <datafield tag="600" ind1="1" ind2="4">
    <subfield code="a">&#xE1F;&#xE34;&#xE0A;&#xE40;&#xE0A;&#xE2D;&#xE23;&#xE4C;, &#xE1F;&#xE34;&#xE25;&#xE25;&#xE34;&#xE1B;</subfield>
    <subfield code="9">44893</subfield>
  </datafield>
  <datafield tag="600" ind1="1" ind2="0">
    <subfield code="a">&#xE40;&#xE01;&#xE23;&#xE41;&#xE2E;&#xE21;, &#xE40;&#xE1A;&#xE19;&#xE08;&#xE32;&#xE21;&#xE34;&#xE19;</subfield>
    <subfield code="9">44894</subfield>
  </datafield>
  <datafield tag="600" ind1="1" ind2="4">
    <subfield code="a">&#xE1A;&#xE31;&#xE1F;&#xE40;&#xE1F;&#xE17;&#xE17;&#xE4C;, &#xE27;&#xE2D;&#xE23;&#xE4C;&#xE40;&#xE23;&#xE19;</subfield>
    <subfield code="9">44895</subfield>
  </datafield>
  <datafield tag="600" ind1="1" ind2="4">
    <subfield code="a">&#xE21;&#xE31;&#xE07;&#xE40;&#xE01;&#xE2D;&#xE23;&#xE4C;, &#xE0A;&#xE32;&#xE23;&#xE4C;&#xE25;&#xE35;</subfield>
    <subfield code="9">44896</subfield>
  </datafield>
  <datafield tag="650" ind1=" " ind2="0">
    <subfield code="a">&#xE19;&#xE31;&#xE01;&#xE18;&#xE38;&#xE23;&#xE01;&#xE34;&#xE08;</subfield>
    <subfield code="9">23958</subfield>
  </datafield>
  <datafield tag="650" ind1=" " ind2="4">
    <subfield code="a">&#xE19;&#xE31;&#xE01;&#xE25;&#xE07;&#xE17;&#xE38;&#xE19;</subfield>
    <subfield code="9">24039</subfield>
  </datafield>
  <datafield tag="700" ind1="0" ind2=" ">
    <subfield code="a">&#xE1E;&#xE23;&#xE23;&#xE13;&#xE35; &#xE0A;&#xE37;&#xE48;&#xE19;&#xE08;&#xE34;&#xE15;&#xE01;&#xE23;&#xE38;&#xE13;&#xE32;</subfield>
  </datafield>
  <datafield tag="850" ind1=" " ind2=" ">
    <subfield code="a">NALT</subfield>
  </datafield>
  <datafield tag="942" ind1=" " ind2=" ">
    <subfield code="c">GB</subfield>
    <subfield code="2">lcc</subfield>
  </datafield>
  <datafield tag="998" ind1=" " ind2=" ">
    <subfield code="j">1020</subfield>
    <subfield code="k"> &#xE19;&#xE32;&#xE07;&#xE08;&#xE33;&#xE40;&#xE23;&#xE35;&#xE22;&#xE07;  &#xE23;&#xE30;&#xE27;&#xE31;&#xE07;&#xE2A;&#xE33;&#xE42;&#xE23;&#xE07;</subfield>
  </datafield>
  <datafield tag="952" ind1=" " ind2=" ">
    <subfield code="0">0</subfield>
    <subfield code="1">0</subfield>
    <subfield code="4">0</subfield>
    <subfield code="7">0</subfield>
    <subfield code="8">CGBL</subfield>
    <subfield code="a">NALT</subfield>
    <subfield code="b">NALT</subfield>
    <subfield code="g">150.00</subfield>
    <subfield code="l">0</subfield>
    <subfield code="o">HD 38.25 &#xE17;379&#xE0A; 2550</subfield>
    <subfield code="p">3961166275</subfield>
    <subfield code="r">2017-06-09 00:00:00</subfield>
    <subfield code="t">&#xE09;. 1</subfield>
    <subfield code="v">200.00</subfield>
    <subfield code="w">2017-06-09</subfield>
    <subfield code="y">GB</subfield>
  </datafield>
  <datafield tag="952" ind1=" " ind2=" ">
    <subfield code="0">0</subfield>
    <subfield code="1">0</subfield>
    <subfield code="4">0</subfield>
    <subfield code="7">0</subfield>
    <subfield code="8">CGBL</subfield>
    <subfield code="a">NALT</subfield>
    <subfield code="b">NALT</subfield>
    <subfield code="g">150.00</subfield>
    <subfield code="l">0</subfield>
    <subfield code="o">HD 38.25 &#xE17;379&#xE0A; 2550</subfield>
    <subfield code="p">3961166276</subfield>
    <subfield code="r">2017-06-09 00:00:00</subfield>
    <subfield code="t">&#xE09;. 2</subfield>
    <subfield code="v">200.00</subfield>
    <subfield code="w">2017-06-09</subfield>
    <subfield code="y">GB</subfield>
  </datafield>
</record>
